[Event "Dresden (Women)"]
[Site "Dresden"]
[Date "1994.??.??"]
[Round "?"]
[White "Fischdick, Gisela"]
[Black "Holoubkova, Martina"]
[Result "1/2-1/2"]
[WhiteElo "2280"]
[BlackElo "2210"]

1.d4 g6 2.e4 Bg7 3.Nc3 d6 4.Be3 Nd7 5.Nf3 Ngf6 6.h3 e5 7.dxe5 dxe5 8.Bc4 O-O
9.O-O Qe7 10.Qe2 c6 11.a4 a5 12.Nd2  1/2-1/2

[Event "Elgoibar"]
[Site "Elgoibar"]
[Date "1994.??.??"]
[Round "?"]
[White "Izeta Txabarri, Felix"]
[Black "Strikovic, Aleksa"]
[Result "1-0"]
[WhiteElo "2460"]
[BlackElo "2495"]

1.d4 d6 2.e4 g6 3.Nc3 Bg7 4.Be3 c6 5.Qd2 b5 6.Bd3 Nf6 7.Nf3 Bg4 8.Nh4 e5
9.dxe5 dxe5 10.h3 Bc8 11.Nf3 Nbd7 12.a4 b4 13.Ne2 a5 14.c3 c5 15.cxb4 cxb4
16.O-O O-O 17.Rfd1 Bb7 18.Bb5 Qe7 19.Qxd7 Nxd7 20.Rxd7 Qe6 21.Rxb7 Qb3 22.Nd2 Qxb2
23.Rb1 Qa2 24.Nc1 Qe6 25.Ncb3 Qc8 26.Rb6 Qd8 27.Rc6 f5 28.Bc5 Bh6 29.Bxf8 Qxf8
30.exf5 Bxd2 31.Nxd2 gxf5 32.Nc4 e4 33.Nd6 Rd8 34.Rd1 Qh6 35.Rd5 Qf6 36.Rxf5 Qa1+
37.Kh2 Qd4 38.Bc4+ Kg7 39.Rd5 Rxd6 40.Rxd4 Rxd4 41.Rc5  1-0

[Event "MON"]
[Site "Erdenet"]
[Date "1994.??.??"]
[Round "?"]
[White "Ganbold, Odondoo"]
[Black "Altanoch, Genden"]
[Result "1-0"]
[WhiteElo "2325"]
[BlackElo "2350"]

1.e4 d6 2.d4 g6 3.Nc3 Bg7 4.Be3 c6 5.Nge2 Qb6 6.Qc1 Nd7 7.a3 Ngf6 8.f3 h5
9.e5 Nd5 10.Nxd5 cxd5 11.f4 Nb8 12.Nc3 Be6 13.Bd3 Nc6 14.Ne2 Bg4 15.c3 Na5
16.Rb1 Bxe2 17.Bxe2 e6 18.O-O Rc8 19.Kh1 a6 20.Qe1 Nc4 21.Bxc4 Rxc4 22.Qe2 Qb3
23.Rbe1 Kd7 24.Bc1 Rcc8 25.Rf3 Qc4 26.Qd1 Bf8 27.a4 Qa2 28.Re2 Qa1 29.Qc2 b5
30.axb5 axb5 31.Re1 Qa2 32.Rff1 Be7 33.Bd2 Ra8 34.Bc1 Rhc8 35.f5 gxf5 36.Qe2 Qc4
37.Qxh5 dxe5 38.Qxf7 Rf8 39.Qg7 Rg8 40.Qxe5 Rg6 41.Rxf5 Bd6 42.Rf7+ Kc6 43.Qe2 Qb3
44.Bf4 Rag8 45.Bxd6 Rxg2 46.Rc7+ Kb6 47.Qxe6  1-0

[Event "Finkenstein op"]
[Site "Finkenstein"]
[Date "1994.??.??"]
[Round "?"]
[White "Sveshnikov, Evgeny"]
[Black "Kraschl, Joerg"]
[Result "1-0"]
[WhiteElo "2585"]
[BlackElo "2210"]

1.e4 d6 2.d4 g6 3.Nc3 Bg7 4.Be3 c6 5.f4 Nf6 6.h3 O-O 7.Nf3 b5 8.e5 Nfd7 9.Bd3 Nb6
10.O-O b4 11.Ne2 a5 12.a3 Ba6 13.axb4 axb4 14.Ng5 Qd7 15.Qd2 Bxd3 16.Rxa8 Bxe2
17.Rxb8 Rxb8 18.Qxe2 f6 19.Nf3 Ra8 20.Bd2 fxe5 21.fxe5 dxe5 22.dxe5 Ra2 23.Bxb4 Rxb2
24.Bc3 Rb5 25.e6 Qd6 26.Bxg7 Kxg7 27.Qf2 Qf4 28.Qd4+ Qxd4+ 29.Nxd4 Rc5 30.Rf7+ Kg8
31.Rxe7 Rc4 32.Re8+ Kg7 33.e7 Kf7 34.Rb8 Kxe7 35.Rxb6 Rxd4 36.Rxc6 Rd2 37.Kh2 Kd7
38.Rc3 Ke6 39.Kg3 Kf5 40.Rf3+ Ke5 41.Rf2 Rd1 42.Kg4 h6 43.Re2+ Kf6 44.Kf4 h5
45.Ke4 Ke6 46.c3 g5 47.Ra2 Re1+ 48.Kd3 Rd1+ 49.Rd2 Rf1 50.Kd4 g4 51.hxg4 hxg4
52.Ke4 Kf6 53.c4 Kg5 54.c5 g3 55.Rc2 Rf2 56.Kd3 Rf7 57.c6 Rc7 58.Ke4  1-0

[Event "Finkenstein op"]
[Site "Finkenstein"]
[Date "1994.??.??"]
[Round "?"]
[White "Fuchs, G."]
[Black "Djurkovic, Maks"]
[Result "1-0"]
[WhiteElo "1985"]
[BlackElo "2085"]

1.e4 g6 2.d4 Bg7 3.Nc3 d6 4.Nf3 c6 5.Bc4 b5 6.Bb3 b4 7.Ne2 Nf6 8.Ng3 a5 9.a3 Ba6
10.axb4 axb4 11.Be3 Nbd7 12.Qd2 Qb6 13.e5 Nd5 14.exd6 exd6 15.Bxd5 cxd5 16.Ne2 O-O
17.O-O Rfe8 18.Rfe1 Nf6 19.Ra4 Rab8 20.Nc1 Ne4 21.Qd1 Qc6 22.Ra1 Bb5 23.Nd3 Qc4
24.Nd2 Nxd2 25.Qxd2 Bd7 26.Nf4 Bf5 27.Rec1 Re4 28.Ne2 Rbe8 29.b3 Qb5 30.Ng3 R4e6
31.Nxf5 gxf5 32.g3 f4 33.gxf4 Re4 34.Ra4 Qd7 35.Qe2 Bxd4 36.Rxb4 Bxe3 37.Rxe4 Rxe4
38.fxe3 d4 39.Qg2+ Kf8 40.Qxe4 Qg4+ 41.Qg2  1-0

[Event "Finkenstein op"]
[Site "Finkenstein"]
[Date "1994.??.??"]
[Round "?"]
[White "Reichmann, Egon"]
[Black "Feichter, Clemens"]
[Result "1-0"]
[WhiteElo "2260"]
[BlackElo "1965"]

1.e4 g6 2.d4 Bg7 3.Nc3 d6 4.g3 Nc6 5.Be3 e5 6.dxe5 dxe5 7.Qxd8+ Nxd8 8.Nd5 Ne6
9.Bh3 c6 10.Bxe6 cxd5 11.Bxd5 Ne7 12.Bb3 O-O 13.Nf3 b6 14.O-O Bb7 15.Nd2 Kh8
16.f3 f5 17.c3 h6 18.a4 Rad8 19.Rfd1 Rd3 20.Nc4 fxe4 21.fxe4 Bxe4 22.Rxd3 Bxd3
23.Nd6 Nf5 24.Nxf5 gxf5 25.Bd5 f4 26.gxf4 exf4 27.Bf2 Rf5 28.Bf3 Bc2 29.h4 Bf6
30.Kg2 Ra5 31.Bc6 Rh5 32.Kf3 Bg6 33.Rg1 Kh7  1-0

[Event "Finkenstein op"]
[Site "Finkenstein"]
[Date "1994.??.??"]
[Round "?"]
[White "Wiedermann, Franz"]
[Black "Kovacic, Peter"]
[Result "1/2-1/2"]
[WhiteElo "2155"]
[BlackElo "2065"]

1.d4 g6 2.e4 Bg7 3.Nc3 d6 4.f4 Nd7 5.Nf3 e6 6.Be3 Ne7 7.Be2 a6 8.a4 O-O 9.Qd2 b6
10.O-O d5 11.e5 c5 12.Bf2 Bb7 13.Bh4 Qe8 14.g4 f6 15.exf6 Bxf6 16.Bxf6 Rxf6
17.Qe3 Nc6 18.Rae1 Qe7 19.Bd3 Re8 20.Qd2 Qd6 21.f5 cxd4 22.Ne2 gxf5 23.gxf5 Kh8
24.fxe6 Qxe6 25.Ng3 Nde5 26.Nxe5 Nxe5 27.Kh1 Rxf1+ 28.Bxf1 d3 29.cxd3 d4+
30.Bg2 Bd5 31.Qf4 Bxg2+ 32.Kxg2 Nxd3 33.Qxd4+ Ne5 34.Qe4 Re7 35.Qf5 Qxf5
36.Nxf5 Re6 37.Rd1 Kg8 38.Rd5 Kf7 39.Nd6+ Kf6 40.Ne4+ Kf5 41.Rd6 Rxd6  1/2-1/2

[Event "Formia op"]
[Site "Formia"]
[Date "1994.??.??"]
[Round "7"]
[White "Godena, Michele"]
[Black "Sarno, Spartaco"]
[Result "1/2-1/2"]
[WhiteElo "2480"]
[BlackElo "2395"]

1.e4 d6 2.Nc3 g6 3.d4 Bg7 4.Nf3 Nf6 5.Be2 O-O 6.O-O Bg4 7.h3 Bxf3 8.Bxf3 Nc6
9.Ne2 e5 10.c3 Qe8 11.Qd3 Rd8 12.d5 Ne7 13.c4 c5 14.b4 Nd7 15.Qa3 Ra8 16.Be3 b6
17.Nc3 Qb8 18.Rfb1 h5 19.Qa4 Qd8 20.Nb5 Nc8 21.bxc5 Nxc5 22.Bxc5 dxc5 23.Qa6 Nd6
24.Nxd6 Qxd6 25.a4 Bf6 26.a5 Bd8 27.Bd1 Bc7 28.Ba4 Rab8 29.Qxa7 bxa5 30.Bc6 Rb4
31.Rxb4 axb4 32.Ra6 Rd8 33.Ba4 Qe7 34.Rc6 Bd6 35.Qxe7 Bxe7 36.Rc7 Bd6 37.Ra7 Bb8
38.Rb7 Bd6 39.Ra7 Rb8 40.Rd7 Rb6 41.Kf1 Ra6 42.Bc6 Bf8 43.Rb7 Ra1+ 44.Ke2 Ra2+
45.Kf3 Ra3+ 46.Ke2 Ra2+ 47.Kf3  1/2-1/2

[Event "Formia op"]
[Site "Formia"]
[Date "1994.??.??"]
[Round "8"]
[White "Zlochevskij, Alexander"]
[Black "Sarno, Spartaco"]
[Result "1-0"]
[WhiteElo "2485"]
[BlackElo "2395"]

1.d4 g6 2.e4 d6 3.Nc3 Bg7 4.Be3 Nf6 5.f3 c6 6.Qd2 O-O 7.g4 b5 8.h4 h5 9.g5 Nfd7
10.f4 Bb7 11.Bg2 Nb6 12.b3 N8d7 13.Rd1 Qc8 14.Nh3 a5 15.f5 b4 16.Ne2 c5 17.d5 Ne5
18.Nhf4 Nbd7 19.O-O a4 20.Bh3 axb3 21.axb3 Ra2 22.Nc1 Ra1 23.Ncd3 Rxd1 24.Qxd1 Qe8
25.Nxe5 Nxe5 26.Nxh5 gxh5 27.Qxh5 Bc8 28.Bf4 Qb5 29.Rf2 Bd7 30.f6 Bxh3 31.fxg7 Ng6
32.gxf8=Q+ Kxf8 33.Qf3 Qd7 34.Bg3  1-0

[Event "Formia op"]
[Site "Formia"]
[Date "1994.??.??"]
[Round "9"]
[White "Gazik, Igor"]
[Black "Zlochevskij, Alexander"]
[Result "0-1"]
[WhiteElo "2410"]
[BlackElo "2485"]

1.e4 g6 2.d4 Bg7 3.Nc3 d6 4.Be3 Nf6 5.Qd2 c6 6.f3 b5 7.Bh6 Bxh6 8.Qxh6 Nbd7
9.Qd2 a6 10.g4 Nb6 11.b3 Qc7 12.Bg2 c5 13.d5 b4 14.Nce2 a5 15.g5 Nfd7 16.h4 a4
17.h5 axb3 18.cxb3 Rf8 19.hxg6 hxg6 20.f4 Ba6 21.Rc1 Qa7 22.Rc2 c4 23.Nd4 Nc5
24.Nc6 Qd7 25.Bh3 Qb7 26.Qd4 cxb3 27.axb3 Bb5 28.Kf2 Bxc6 29.dxc6 Qxc6 30.Bg2 Rc8
31.Kg3 Qb5 32.Bh3 e6 33.Rhh2 Qd3+ 34.Qxd3 Nxd3 35.Bf1 Nc5 36.e5 dxe5 37.fxe5 Ke7
38.Kg4 Nd5 39.Rhe2 Nxb3 40.Rxc8 Rxc8 41.Bg2 Rc4+ 42.Kg3 Nd4 43.Ra2 b3 44.Ra7+ Rc7
45.Rxc7+ Nxc7 46.Kf2 b2 47.Be4 Nd5  0-1

[Event "FRA-chT "]
[Site "FRA"]
[Date "1994.??.??"]
[Round "1"]
[White "Anka, Emil"]
[Black "Bauer, Christian"]
[Result "1/2-1/2"]
[WhiteElo "2390"]
[BlackElo "2475"]

1.e4 g6 2.d4 Bg7 3.Nc3 d6 4.Be3 a6 5.Qd2 b5 6.Bd3 Bb7 7.a4 b4 8.Nce2 a5 9.c3 bxc3
10.bxc3 Nf6 11.f3 Nbd7 12.Bh6 O-O 13.Bxg7 Kxg7 14.Nh3 e5 15.O-O Nb6 16.Rfb1 Bc6
17.Bb5 Bxb5 18.axb5 Qe7 19.Nf2 Nfd7 20.Ng3 Nc4 21.Qd3 Ndb6 22.Nf1 Qg5 23.Nh3 Qh6
24.Re1 f5 25.exf5 gxf5 26.Ne3 Nxe3 27.Rxe3 Qf6 28.dxe5 dxe5 29.Qe2 Rfe8 30.Nf4 Kh8
31.Rd1 a4 32.Nd5 Nxd5 33.Rxd5 e4 34.fxe4 a3 35.Rd1 fxe4 36.Qc4 a2 37.Ra1 Qb6
38.Qd4+ Qxd4 39.cxd4 Ra4 40.Kf2 Rb8 41.Rb3 Rd8  1/2-1/2

[Event "Frydek-Mistek op"]
[Site "Frydek-Mistek"]
[Date "1994.??.??"]
[Round "?"]
[White "Kruszynski, Wlodzimierz"]
[Black "Chernyshov, Konstantin"]
[Result "0-1"]
[WhiteElo "2375"]
[BlackElo "2485"]

1.e4 g6 2.d4 Bg7 3.Nc3 d6 4.Nf3 Nf6 5.Be2 O-O 6.O-O c6 7.a4 Nbd7 8.e5 Ne8
9.Bf4 dxe5 10.dxe5 Nc7 11.Re1 Ne6 12.Bg3 Qa5 13.Bc4 Nb6 14.Ba2 Rd8 15.Qc1 c5
16.Bh4 Bf8 17.Ng5 c4 18.Nf3 Bd7 19.Qe3 Rac8 20.Nd2 Ng7 21.Qf4 Be6 22.Nde4 Bf5
23.Ng5 h6 24.Nf3 Ne6 25.Qc1 Nd5 26.Nxd5 Rxd5 27.b3 Nd4 28.Nxd4 Rxd4 29.Bg3 Rd2
30.bxc4 Rxc2 31.Qe3 e6 32.Qb3 Rd8 33.h3 Rdd2 34.Rec1 Rb2  0-1

[Event "Peer Gynt"]
[Site "Gausdal"]
[Date "1994.??.??"]
[Round "1"]
[White "Johnsen, Sverre"]
[Black "Ernst, Thomas"]
[Result "0-1"]
[WhiteElo "2250"]
[BlackElo "2485"]

1.d4 d6 2.e4 g6 3.Nc3 Bg7 4.Bc4 e6 5.f4 Ne7 6.Bb3 b6 7.Nf3 Bb7 8.O-O O-O
9.Qe1 d5 10.e5 c5 11.a4 Nbc6 12.Be3 Nf5 13.Rd1 cxd4 14.Nxd4 Nfxd4 15.Bxd4 Nxd4
16.Rxd4 f6 17.exf6 Qxf6 18.Rd2 Rae8 19.Nb5 Qe7 20.c3 Ba6 21.Qe3 Qd7 22.Ra1 Bxb5
23.axb5 Qxb5 24.Ba4 Qa6 25.Rdd1 b5 26.Bb3 Qb6 27.Qxb6 axb6 28.Ra6 b4 29.Rxb6 bxc3
30.bxc3 Rb8 31.Rxb8 Rxb8 32.Ba4 Bxc3 33.Rd3 Rb4 34.Bd7 Bd4+ 35.Kf1 Kf7 36.g3 Ke7
37.Bc6 Rb1+ 38.Kg2 Rb2+ 39.Kf3 Kd6 40.Be8 Bc5 41.h3 Ke7 42.Ba4 h5 43.g4 h4
44.g5 Rf2+ 45.Kg4 Bd6 46.Rf3 Rg2+ 47.Kxh4 Bc5  0-1

[Event "Peer Gynt"]
[Site "Gausdal"]
[Date "1994.??.??"]
[Round "2"]
[White "Kotronias, Vasilios"]
[Black "Pein, Malcolm"]
[Result "1-0"]
[WhiteElo "2545"]
[BlackElo "2420"]

1.e4 d6 2.d4 g6 3.Nc3 Bg7 4.Bg5 a6 5.Bc4 b5 6.Bd5 c6 7.Bb3 Nf6 8.Qe2 O-O
9.e5 dxe5 10.dxe5 Nd5 11.Nxd5 cxd5 12.O-O-O Be6 13.Nh3 h6 14.Bh4 g5 15.Bxg5 hxg5
16.Nxg5 Qc7 17.Qd3 Rc8 18.Qh7+ Kf8 19.f4 Nd7 20.Nxe6+ fxe6 21.Rd3 Nf6 22.exf6 Qxf4+
23.Kb1 exf6 24.Rxd5 Ra7 25.Rd3 Re7 26.Rhd1 Qg4 27.c3 a5 28.Bc2 f5 29.Rg3 Qc4
30.Rxg7 Rxg7 31.Qh8+ Rg8 32.Qf6+ Ke8 33.Bxf5  1-0

[Event "Gausdal Int"]
[Site "Gausdal"]
[Date "1994.??.??"]
[Round "3"]
[White "Tregubov, Pavel V"]
[Black "Hoi, Carsten"]
[Result "0-1"]
[WhiteElo "2545"]
[BlackElo "2430"]

1.d4 d6 2.Nc3 g6 3.e4 Bg7 4.Be3 c6 5.Qd2 b5 6.f3 Nd7 7.h4 h5 8.Nh3 Nb6 9.Nf4 Nf6
10.e5 b4 11.exf6 bxc3 12.Qxc3 Bxf6 13.O-O-O Bd7 14.Qd3 Bf5 15.Qa6 Qd7 16.Bd3 Bxd3
17.Qxd3 a5 18.Kb1 a4 19.a3 Rb8 20.Bc1 d5 21.Qc3 Nc4 22.Nd3 Rb5 23.Ne5 Bxe5
24.dxe5 Qf5 25.e6 f6 26.g4 hxg4 27.fxg4 Qxe6 28.Rhe1 Qf7 29.g5 O-O 30.h5 gxh5
31.gxf6 Qxf6 32.Rd4 Rf7 33.Ka2 Rg7 34.Qd3 e5 35.Rf1 Qg6 36.Qxg6 Rxg6 37.Rh4 e4
38.Rxh5 e3  0-1

[Event "Arnold Cup"]
[Site "Gausdal"]
[Date "1994.??.??"]
[Round "3"]
[White "Alava, Mikko"]
[Black "Karlsson, Lars"]
[Result "0-1"]
[WhiteElo "2285"]
[BlackElo "2520"]

1.e4 g6 2.d4 Bg7 3.Nc3 d6 4.h3 a6 5.a4 b6 6.Be3 Bb7 7.g4 Nd7 8.Bg2 c5 9.d5 b5
10.Qc1 b4 11.Nd1 Nb6 12.Ne2 a5 13.O-O Qd7 14.b3 e6 15.dxe6 Qxe6 16.Nf4 Qe7
17.Ra2 Nf6 18.f3 O-O 19.c4 Nfd7 20.Re2 Rae8 21.Nb2 Ne5 22.Qd2 Nc6 23.Bf2 Nd4
24.Re3 Bh6 25.Bg3 f5 26.Qd1 g5 27.Ne2 f4 28.Nxd4 cxd4 29.Qxd4 Nc8  0-1

[Event "Arnold Cup"]
[Site "Gausdal"]
[Date "1994.??.??"]
[Round "6"]
[White "Moen, Ole Christian"]
[Black "Nijboer, Friso"]
[Result "1/2-1/2"]
[WhiteElo "2245"]
[BlackElo "2530"]

1.e4 d6 2.d4 g6 3.Nc3 Bg7 4.f4 Nc6 5.d5 Nd4 6.Be3 c5 7.dxc6 Nxc6 8.Bd3 Nf6
9.Nf3 O-O 10.h3 d5 11.e5 d4 12.Nxd4 Nxd4 13.exf6 Bxf6 14.Ne4 Bg7 15.c3 Nf5
16.Bf2 Bd7 17.O-O Bc6 18.Qe2 Qc7 19.g4 Nd6 20.Bg3 Nxe4 21.Bxe4 Bxe4 22.Qxe4 Rad8
23.Qe3 Qc4 24.Rf3 Qd5 25.Rf2 Qd3 26.Re1 e6 27.Qxd3 Rxd3 28.Kg2 Rfd8 29.f5 exf5
30.gxf5 Bf8 31.Bh4 Rc8  1/2-1/2

[Event "Geneve op"]
[Site "Geneve"]
[Date "1994.??.??"]
[Round "5"]
[White "Vianin, Pascal"]
[Black "Allegro, Valery"]
[Result "0-1"]
[WhiteElo "2170"]
[BlackElo "2255"]

1.e4 g6 2.d4 Bg7 3.Nc3 d6 4.Be3 c6 5.Qd2 Nf6 6.Bh6 Bxh6 7.Qxh6 Qa5 8.Bd3 Na6
9.Nf3 Nb4 10.O-O Nxd3 11.cxd3 Qh5 12.Qf4 Qg4 13.Qe3 O-O 14.Ne2 Kg7 15.h3 Qh5
16.Nf4 Qb5 17.e5 Nd5 18.Nxd5 Qxd5 19.Rfe1 h6 20.Qe4 Be6 21.Qxd5 Bxd5 22.exd6 exd6
23.Re7 Rab8 24.a3 Bxf3 25.gxf3 Rfe8 26.Re3 Kf6 27.b4 Re6 28.d5 Re5 29.dxc6 bxc6
30.Rc1 Rb6 31.d4 Rd5 32.Rec3 Ra6 33.Rd1 Rg5+ 34.Kf1 Ke6 35.Re1+ Kd5 36.Re4 Rf5
37.Kg2 Ra4 38.Kg3 a5 39.bxa5 Rxa5 40.Rf4 Rxf4 41.Kxf4 Ra4 42.Ke3 f5 43.Rd3 f4+
44.Kxf4 Rxd4+ 45.Rxd4+ Kxd4 46.a4 c5 47.a5 c4  0-1

[Event "Geneve op"]
[Site "Geneve"]
[Date "1994.??.??"]
[Round "9"]
[White "Masserey, Yvan"]
[Black "Allegro, Valery"]
[Result "1-0"]
[WhiteElo "2315"]
[BlackElo "2255"]

1.e4 d6 2.d4 g6 3.Nc3 Bg7 4.Be3 Nf6 5.h3 O-O 6.Qd2 Nc6 7.O-O-O e5 8.Nf3 exd4
9.Nxd4 Nxd4 10.Bxd4 Be6 11.f4 c5 12.Be3 Qa5 13.Qd3 Rfd8 14.Qb5 Qc7 15.f5 Bd7
16.Qd3 Qa5 17.Bg5 Bc6 18.Qf3 Nxe4 19.Nxe4 Re8 20.fxg6 hxg6 21.Nf6+ Kf8 22.Qf4 Qxa2
23.Bc4 Qa1+ 24.Kd2 Qa5+ 25.c3 Re5 26.Nd7+ Kg8 27.Bxf7+  1-0

[Event "Sas van Gent"]
[Site "Gent"]
[Date "1994.??.??"]
[Round "9"]
[White "Kiik, Kalle"]
[Black "Hendriks, Willy"]
[Result "1/2-1/2"]
[WhiteElo "2410"]
[BlackElo "2370"]

1.e4 g6 2.d4 Bg7 3.Nc3 d6 4.Be2 c6 5.Be3 b5 6.a3 a6 7.f4 Nd7 8.Nf3 Ngf6 9.h3 O-O
10.O-O Nb6 11.Qd2 d5 12.e5 Ne4 13.Qe1 f5 14.b3 e6 15.Nh2 Rf7 16.Nxe4 dxe4
17.c4 Bf8 18.Qa5  1/2-1/2

[Event "Oberliga Wuert9394"]
[Site "Germany"]
[Date "1994.??.??"]
[Round "?"]
[White "Holzhaeuer, Mathias"]
[Black "Gazik, Igor"]
[Result "0-1"]
[WhiteElo "2340"]
[BlackElo "2410"]

1.e4 g6 2.d4 Bg7 3.Nc3 d6 4.f4 Nf6 5.Nf3 O-O 6.Bd3 Bg4 7.h3 Bxf3 8.Qxf3 Nc6
9.Be3 e5 10.dxe5 dxe5 11.f5 Nd4 12.Qf2 c6 13.g4 gxf5 14.gxf5 Kh8 15.Rg1 Nd7
16.O-O-O Rg8 17.Kb1 Qe7 18.Ne2 Nxe2 19.Bxe2 Bf6 20.Rg4 b6 21.Rdg1 Rxg4 22.Rxg4 Rg8
23.Rxg8+ Kxg8 24.Qg2+ Kh8 25.a3 Qf8 26.Bc4 Bg7 27.Qd2 Qe7 28.Bg5 Bf6 29.Bxf6+ Nxf6
30.Qg5 b5 31.Bb3 c5 32.c4 a6 33.h4 Qd6 34.Qe3 Qd4 35.Qxd4 cxd4 36.c5 Kg7
37.c6 Ne8 38.Kc2 Kf6 39.Bd5 Ke7 40.Kb3 f6 41.Kb4 Kd8 42.Ka5 Kc7 43.Kxa6 Nd6
44.Ba2 d3 45.Bb1 d2 46.Bc2 Kxc6 47.a4 bxa4 48.Bxa4+ Kc5 49.Bc2 Nxe4 50.Ka5 Nd6
51.b4+ Kc4 52.Bd1 Kd3  0-1

[Event "Hessenliga"]
[Site "Germany"]
[Date "1994.??.??"]
[Round "?"]
[White "Ostojic, Predrag"]
[Black "Weber, Ulrich"]
[Result "1/2-1/2"]
[WhiteElo "2340"]
[BlackElo "2305"]

1.e4 g6 2.d4 Bg7 3.Nc3 d6 4.Be3 Nf6 5.h3 c6 6.a4 a5 7.Nf3 Na6 8.Be2 O-O 9.O-O Nb4
10.Nd2 Qc7 11.Ncb1 e5 12.dxe5 dxe5 13.c3 Na6 14.Na3 Be6 15.Nac4 Bxc4 16.Bxc4 Qe7
17.Qc2 Nc5 18.b4 axb4 19.cxb4 Ne6 20.Bxe6 Qxe6 21.a5 Rfd8 22.Rfb1 Nh5 23.Qc4 Nf4
24.Qxe6 Nxe6 25.b5 Nd4 26.bxc6 bxc6 27.Rb2 Ra6 28.Nc4 Rda8 29.Kf1 h6 30.Bd2 Nb5
31.Rc1 Kh7 32.Nb6 Rd8 33.Rxc6 Nd4 34.Rc7 Kg8 35.Nd5 Ne6 36.Rcb7 Nc5 37.Rb8 Rxb8
38.Rxb8+ Kh7 39.f3 f5 40.Rb5 Ne6 41.Rb7 Nc5 42.Rc7 Nb3 43.Bc3 Nd4 44.Rb7 fxe4
45.fxe4 Rc6 46.Kf2 g5 47.Ke3 h5 48.Kd3 Ne6 49.Rb6 Nc5+ 50.Ke3 Rc8 51.Bb4 g4
52.Bxc5 Rxc5 53.a6 Ra5 54.hxg4 hxg4 55.Nf6+ Bxf6 56.Rxf6 Ra3+ 57.Kf2 g3+
58.Ke1 Ra1+ 59.Kd2 Ra2+ 60.Ke1 Ra1+ 61.Ke2 Ra2+ 62.Ke1  1/2-1/2

[Event "Hessenliga"]
[Site "Germany"]
[Date "1994.??.??"]
[Round "?"]
[White "Rasch, Holger"]
[Black "Weber, Ulrich"]
[Result "1-0"]
[WhiteElo "2260"]
[BlackElo "2305"]

1.e4 g6 2.d4 Bg7 3.Nc3 d6 4.Be2 Nd7 5.h4 c5 6.d5 h5 7.Nf3 Ngf6 8.Ng5 Ne5
9.Bf4 Nh7 10.Nxh7 Rxh7 11.Qd2 Bd7 12.O-O Qb6 13.a4 a6 14.Nd1 Rc8 15.c3 Bf6
16.g3 Qc7 17.Ne3 Kf8 18.f3 Kg8 19.Kg2 Kh8 20.Bg5 Bxg5 21.hxg5 Kg7 22.f4 Ng4
23.f5 Ne5 24.Nc4 Nxc4 25.Bxc4 gxf5 26.exf5 Rg8 27.f6+ exf6 28.gxf6+ Kf8 29.Bd3 Rhh8
30.Rae1 h4 31.Re7 Qd8 32.Qf4 Rxg3+ 33.Kf2 Bh3 34.Rfe1 Rg2+ 35.Ke3 Rh5 36.Be2 Rhg5
37.Qxh4 R2g3+ 38.Kd2 Rxd5+ 39.Kc1  1-0

[Event "Hessenliga"]
[Site "Germany"]
[Date "1994.??.??"]
[Round "?"]
[White "Roeberg, Frank"]
[Black "Mueller, Achim"]
[Result "1-0"]
[WhiteElo "2310"]
[BlackElo "2240"]

1.e4 g6 2.d4 Bg7 3.Nc3 d6 4.Bc4 c6 5.Qf3 e6 6.Bf4 Qe7 7.e5 d5 8.Bd3 Nd7 9.Qe3 a6
10.Nf3 Qf8 11.h4 h5 12.Ng5 Qe7 13.Ne2 Nh6 14.O-O c5 15.c3 b6 16.b4 c4 17.Bc2 Bb7
18.Nh3 Qd8 19.Bg5 Qc7 20.Nhf4 Nf8 21.Ng3 Ng8 22.Nh3 Nh7 23.f4 Ne7 24.Bxe7 Qxe7
25.f5 gxf5 26.Nxh5 Bf8 27.Nf6+ Nxf6 28.exf6 Qxf6 29.Rxf5 Qxh4 30.Raf1 O-O-O
31.Rxf7 Bd6 32.Qxe6+ Kb8 33.Rxb7+ Kxb7 34.Qxd5+ Kb8 35.Qc6 Rh6 36.Qxb6+ Ka8
37.Qxa6+ Kb8 38.Qb6+ Ka8 39.Be4+ Qxe4 40.Qxd8+ Bb8 41.Qa5+ Kb7 42.Rf7+ Kc8
43.Qc5+ Kd8 44.Qg5+  1-0

[Event "Hessenliga"]
[Site "Germany"]
[Date "1994.??.??"]
[Round "?"]
[White "Zunker, Reinhard"]
[Black "Mueller, Achim"]
[Result "0-1"]
[WhiteElo "2270"]
[BlackElo "2240"]

1.e4 g6 2.d4 Bg7 3.Nc3 d6 4.h4 Nf6 5.Be2 c5 6.dxc5 Qa5 7.Qd3 O-O 8.Bd2 Qxc5
9.h5 Nc6 10.a3 Ne5 11.Qg3 Nc4 12.Bxc4 Qxc4 13.hxg6 fxg6 14.Nge2 Nxe4 15.Nxe4 Qxe4
16.Bh6 Bxh6 17.Rxh6 b6 18.Qh4 Qxh4 19.Rxh4 Bb7 20.f3 Rac8 21.Kd2 e5 22.c3 Kg7
23.Ke3 Rc7 24.Rah1 h5 25.Rd1 Rf6 26.Rd2 Re7 27.Rh1 Ref7 28.c4 Rxf3+  0-1

[Event "Oberliga Nord W9394"]
[Site "Germany"]
[Date "1994.??.??"]
[Round "?"]
[White "Sawatzki, Frank"]
[Black "Weber, Siegfried"]
[Result "0-1"]
[WhiteElo "2240"]
[BlackElo "2290"]

1.e4 g6 2.d4 Bg7 3.Nc3 d6 4.Nf3 c6 5.Be2 b5 6.O-O Nd7 7.Re1 Qc7 8.a3 a6 9.Be3 Ngf6
10.Qd2 O-O 11.Bh6 e5 12.dxe5 dxe5 13.Qg5 Re8 14.Qh4 Qd6 15.Rad1 Qf8 16.Bxg7 Kxg7
17.Nd2 a5 18.f4 Qc5+ 19.Kh1 exf4 20.Qxf4 Qe5 21.Rf1 Ra7 22.Bd3 Nc5 23.Qxe5 Rxe5
24.b4 Na6 25.Rb1 Nc7 26.Nf3 Re7 27.Nd4 Bd7 28.Nb3 axb4 29.axb4 Ng4 30.Ra1 Rxa1
31.Rxa1 Ne6 32.Kg1 Ne5 33.Ne2 Be8 34.Ra6 Rd7 35.Nbc1 Rd8 36.h3 c5 37.bxc5 Nxc5
38.Ra3 b4 39.Ra5 b3 40.Rb5 Bxb5  0-1

[Event "Oberliga Ost A9394"]
[Site "Germany"]
[Date "1994.??.??"]
[Round "?"]
[White "Gempe, Thomas"]
[Black "Franz, Karsten"]
[Result "1/2-1/2"]
[WhiteElo "2210"]
[BlackElo "2150"]

1.d4 g6 2.e4 Bg7 3.Nc3 d6 4.Be2 Nc6 5.Be3 e5 6.d5 Nce7 7.g4 f5 8.gxf5 gxf5
9.Bh5+ Ng6 10.Qd3 Ne7 11.O-O-O O-O 12.Nge2 a6 13.Bg5 b5 14.Ng3 Nf4 15.Qd2 b4
16.Nce2 Nh3 17.Nxf5 Bxf5 18.exf5 Nxg5 19.Qxg5 Nxf5  1/2-1/2

[Event "Oberliga Ost A9394"]
[Site "Germany"]
[Date "1994.??.??"]
[Round "?"]
[White "Salai, Ladislav"]
[Black "Franz, Karsten"]
[Result "1-0"]
[WhiteElo "2405"]
[BlackElo "2150"]

1.e4 g6 2.d4 Bg7 3.Nc3 d6 4.Nf3 Nf6 5.Be2 O-O 6.O-O Nc6 7.d5 Nb4 8.Be3 e6
9.dxe6 Bxe6 10.Nd4 Bd7 11.Qd2 Re8 12.Bf3 Nc6 13.Nxc6 Bxc6 14.Bg5 Qe7 15.Rfe1 Qf8
16.h4 Nd7 17.Nd5 Bxd5 18.Qxd5 c6 19.Qb3 Nc5 20.Qa3 Be5 21.Rad1 Ne6 22.Be3 Qe7
23.h5 gxh5 24.Bc1 Kh8 25.Bxh5 Rg8 26.Qh3 Rg7 27.Bh6 Rag8 28.Bxg7+ Rxg7 29.Bf3 Qf6
30.Kf1 Nf4 31.Qh1 Rg6 32.g3 Ne6 33.c3 Rh6 34.Qg2 Ng5 35.Bg4 Ne6 36.Ke2 Rg6
37.Qf3 Qg5 38.Bf5 Rf6 39.Rh1 h6 40.Rh5 Qg7 41.Rdh1 Kg8 42.Qe3 d5 43.exd5 Ng5
44.g4 cxd5 45.f4 Ne4 46.fxe5 Rxf5 47.gxf5 Qg2+ 48.Ke1 Ng5 49.Rxg5+  1-0

[Event "Oberliga Ost B9394"]
[Site "Germany"]
[Date "1994.??.??"]
[Round "?"]
[White "Gmeiner, Peter"]
[Black "Timpel, Klaus"]
[Result "0-1"]
[WhiteElo "2280"]
[BlackElo "2300"]

1.e4 g6 2.d4 Bg7 3.Nc3 d6 4.g3 Nc6 5.Be3 e5 6.Bb5 exd4 7.Bxd4 Nf6 8.Qd2 O-O
9.Bxc6 bxc6 10.f3 Re8 11.O-O-O Be6 12.Nge2 c5 13.Be3 Qb8 14.Bh6 Bh8 15.Nf4 Bxa2
16.h4 Nd7 17.h5 Ne5 18.hxg6 hxg6 19.Bg5 Bg7 20.Qh2 Nc4 21.Qh7+ Kf8 22.b3 Qb4
23.Qxg7+ Kxg7 24.Bf6+ Kxf6 25.Nfd5+ Kg7 26.Nxb4 cxb4 27.Nxa2 Ne5 28.Rhf1 a5
29.Rd5 Rh8 30.f4 Ng4 31.Rf3 Rh1+ 32.Kb2 Re1 33.Rg5 Nf6 34.e5 Ne4 35.Rg4 Nd2  0-1

[Event "Oberliga Ost B9394"]
[Site "Germany"]
[Date "1994.??.??"]
[Round "?"]
[White "Nothnagel, Holger"]
[Black "Mueller, Klaus Uwe"]
[Result "0-1"]
[WhiteElo "2370"]
[BlackElo "2345"]

1.Nc3 g6 2.d4 Bg7 3.e4 d6 4.f4 Nf6 5.Nf3 O-O 6.Be3 c6 7.Bd3 b5 8.Qd2 b4 9.Ne2 a5
10.a3 Na6 11.O-O Ng4 12.c3 Qb6 13.e5 Nc7 14.axb4 axb4 15.Rxa8 Nxa8 16.h3 Nxe3
17.Qxe3 Nc7 18.c4 c5 19.dxc5 dxc5 20.Ng3 Ne6 21.f5 Nd4 22.Ng5 Bh6 23.h4 f6
24.fxg6 hxg6 25.exf6 exf6 26.Qe7 fxg5 27.Nh5 Nf5 28.Bxf5 Bxf5 29.hxg5 gxh5
30.gxh6 Qxh6 31.Qxc5 Qg6 32.Qxb4 Re8 33.Re1 Rd8 34.Qa5 Qf6 35.Qa7 Qxb2 36.Qe7 Qd4+
37.Qe3 Bg4 38.c5 Qxe3+ 39.Rxe3 Rd5 40.Rc3 Kf7 41.Kf2 Ke7 42.Kg3 Kd7 43.c6+ Kc7
44.Ra3 Kxc6 45.Ra6+ Kc5 46.Ra3 Kd4 47.Kh4 Ke4 48.g3 Be2 49.Rc3 Kf5 50.Rc1 Rd4+
51.Kh3 Bc4 52.Ra1 Kg5 53.Ra5+ Rd5 54.Ra1 Re5 55.Ra4 Bf1+ 56.Kh2 Re2+ 57.Kg1 Bh3
58.Ra3 Kg4 59.Kh1 Bg2+ 60.Kg1 Bf3  0-1

[Event "Oberliga Wuert9394"]
[Site "Germany"]
[Date "1994.??.??"]
[Round "?"]
[White "Oesterle, Peter"]
[Black "Gazik, Igor"]
[Result "0-1"]
[WhiteElo "2375"]
[BlackElo "2410"]

1.e4 g6 2.d4 Bg7 3.Nc3 d6 4.Be3 c6 5.Qd2 Nd7 6.f3 b5 7.Nh3 Nb6 8.Nf2 a5 9.Rd1 Ba6
10.Qc1 Qc7 11.Bd3 b4 12.Bxa6 bxc3 13.Be2 Na4 14.bxc3 Nxc3 15.Rd3 Nxe2 16.Kxe2 Nf6
17.Qa3 O-O 18.Rb1 a4 19.Rb4 d5 20.g3 dxe4 21.fxe4 Qa5 22.h3 e5 23.dxe5 Qxe5
24.Bf4 Qa5 25.Rc4 Rfe8 26.Qb4 Qa6 27.Qc5 Re6 28.Rcd4 Rae8 29.Kf3 Nh5 30.Rd7 Bf8
31.Bd6 Bxd6 32.R7xd6 Qc8 33.Qb6 Rxe4 34.g4 Rf4+ 35.Kg2 Nf6 36.Rxc6 Qa8 37.Kg3 Rb4
38.Qc5 Ne4+ 39.Nxe4 Rbxe4 40.Rf3 Qb8+ 41.Qd6 Qb1 42.Qf6 Qxa2 43.Kh4 Rf8 44.Rc7 Qd5
45.Rd3 Qh5+ 46.Kg3 Qa5 47.Qc3 Qg5 48.Rf3 h5 49.Rc5 Qc1 50.Kh4 hxg4 51.hxg4 Qh6+
52.Kg3 Re2 53.g5 Qh2+ 54.Kg4 Re4+  0-1

[Event "Hessen-NRW"]
[Site "Germany"]
[Date "1994.??.??"]
[Round "?"]
[White "Siebrecht, Sebastian"]
[Black "Koeller, Oliver"]
[Result "1-0"]
[WhiteElo "2360"]
[BlackElo "2345"]

1.d4 g6 2.e4 Bg7 3.Nc3 d6 4.Be3 c6 5.h4 Nf6 6.Be2 Qa5 7.Qd2 h5 8.f3 b5 9.Nh3 Nbd7
10.Ng5 Nb6 11.b3 a6 12.O-O Nbd7 13.a4 b4 14.Nd1 Bb7 15.Nb2 d5 16.e5 Nh7 17.e6 fxe6
18.Nxe6 Bf6 19.Nd3 Bxh4 20.Bf4 Rc8 21.Be5 Rg8 22.Qf4 Nxe5 23.Nxe5 Bf6 24.Bd3 g5
25.Qf5 Nf8 26.Rae1 Qb6 27.Kh1 Bxe5 28.Qxe5 Nxe6 29.Qxe6 Rg7 30.Qf6  1-0